00429nam a22001337a 4500082001700000100001800017245006800035260003300103300000800136650002100144942000700165952010600172999001700278 a362.1096 ROW aRowland, Stan aMultiplying Light and Truth Through Community Health Evangelism aMumbaibGLS Publishingc2009 a325 aCommunity health cBK 00104070aHMIbHMIcGENd2022-08-30eDirectorl0o362.1096 ROWp11-4630r2022-08-30w2022-08-30yBK c23279d23279